00504pab a2200169 454500008004000000100002900040245011000069260000900179300001400188362000800202650002000210650002400230650002000254650001400274700002400288773002200312180718b2010 xxu||||| |||| 00| 0 eng d aCastro, Lucia Rabello de aChildhood and its regimes of visibility in Brazil: an analysis of the contribution of the social sciences c2010 ap.206-31. aMar aSocial sciences aRights of the child aSocial problems aChildhood aKosminsky, Ethel V. aCurrent Sociology